La réforme et les guerres de religion
Wedi'i Gadw mewn:
| Prif Awdur: | |
|---|---|
| Fformat: | Llyfr |
| Iaith: | Sbaeneg |
| Cyhoeddwyd: |
París
Armand Colin
1948
|
| Rhifyn: | 2a. ed |
| Cyfres: | Collection Armand Collin, 199
|
| Pynciau: | |
| Tagiau: |
Ychwanegu Tag
Dim Tagiau, Byddwch y cyntaf i dagio'r cofnod hwn!
|
MARC
| LEADER | 00000nam a2200000 a 4500 | ||
|---|---|---|---|
| 001 | UCP4928 | ||
| 003 | CL-VaPUC | ||
| 008 | 990821e19480000FR |||||||||||||||||spa|d | ||
| 082 | 0 | 4 | |a 270.6 |b CHA |2 21 |
| 100 | 0 | |a Chartrou-Charbonnel, Josèphe |e author |9 432977 | |
| 245 | 1 | 3 | |a La réforme et les guerres de religion |
| 250 | |a 2a. ed | ||
| 300 | |a 222 p | ||
| 942 | |c BK | ||
| 945 | |d 19990821 00:00:00 |a crobeson | ||
| 260 | |a París |b Armand Colin |c 1948 | ||
| 600 | 0 | |a Calvino, Juan |9 346728 | |
| 600 | 0 | |a Lutero, Martín |d 1483-1546 |9 859309 | |
| 650 | 7 | |a HISTORIA ECLESIASTICA |2 CL-VaPUC |9 432978 | |
| 650 | 7 | |a REFORMA |2 CL-VaPUC |9 319527 | |
| 650 | 0 | |a Reforma protestante |9 399322 | |
| 650 | 0 | |a Protestantismo |9 317293 | |
| 583 | |a last modification |c 19990821 00:00:00 |k Rodrigo Vera | ||
| 490 | 0 | |a Collection Armand Collin, 199 | |
| 999 | |c 282818 |d 282816 | ||
| 952 | |0 0 |1 0 |4 0 |6 270_600000000000000_CHA_1948 |7 0 |8 X |9 325256 |a BIBHIS |b BIBHIS |d 2019-11-20 |i 1356410 |o 270.6 CHA 1948 |p 1356410 |r 2024-01-30 |w 2019-11-20 |y BK_X |k HIS | ||